000 00229nam a2200097Ia 4500
008 230508s1994 xx 000 0 und d
041 _aeng
100 _aGULATI R.R.
245 _aMONOCHROME AND COLOUR TELEVISION.
260 _c1994
999 _c334759
_d334759